[Event "SLO-chT2 East"]
[Site "Slovenia"]
[Date "2014.09.13"]
[Round "1"]
[White "Ristic, Nikola"]
[Black "Hevir, Zlatko"]
[Result "1/2-1/2"]
[WhiteElo "1983"]
[BlackElo "2126"]
[PlyCount "36"]
[EventDate "2014.09.13"]
[EventType "team-tourn"]
[EventRounds "9"]
[EventCountry "SLO"]
[SourceTitle "EXT 2019"]
[Source "ChessBase"]
[SourceDate "2018.10.10"]
[SourceVersion "1"]
[SourceVersionDate "2018.10.10"]
[SourceQuality "1"]
[WhiteTeam "Dravograd"]
[BlackTeam "Maribor ZSK III"]
[WhiteTeamCountry "SLO"]
[BlackTeamCountry "SLO"]

1. b3 Nf6 2. Bb2 g6 3. c4 Bg7 4. g3 0-0 5. Bg2 c6 6. Nc3 d6 7. d4 d5 8. Nf3 Na6 9. 0-0 Nc7 10. e3 Bg4 11. h3 Be6 12. Ng5 Bc8 13. Kh2 h6 14. Nf3 Be6 15. Qe2 Nh7 16. Ne5 Nf6 17. f4 Nce8 18. c5 Qc8 1/2-1/2

[Event "SLO-chT2 East"]
[Site "Brezice Maribor"]
[Date "2008.09.13"]
[Round "5"]
[White "Hevir, Zlatko"]
[Black "Sibanc, Bogo"]
[Result "0-1"]
[WhiteElo "2132"]
[BlackElo "1910"]
[PlyCount "68"]
[EventDate "2008.10.24"]
[EventType "team-tourn"]
[EventRounds "9"]
[EventCountry "SLO"]
[SourceTitle "EXT 2010"]
[Source "ChessBase"]
[SourceDate "2010.11.25"]
[SourceVersion "1"]
[SourceVersionDate "2010.11.25"]
[SourceQuality "1"]

1. e4 e6 2. d4 d5 3. exd5 exd5 4. c4 Nf6 5. Nc3 c6 6. Qb3 Qe7+ 7. Be2 Be6 8. c5 Qc7 9. Nf3 Nbd7 10. g3 Be7 11. Bf4 Qc8 12. 0-0 0-0 13. Rfe1 Re8 14. Bd3 Ne4 15. Qc2 f5 16. Qb3 Bf6 17. Qc2 Bf7 18. Kg2 Bh5 19. Ne5 g5 20. Bxe4 fxe4 21. h3 gxf4 22. gxf4 Kh8 23. Kh2 Qc7 24. Rg1 Rg8 25. Ne2 Bh4 26. Ng3 Bxg3+ 27. fxg3 Nxe5 28. dxe5 Bf3 29. Qc3 Rg7 30. f5 Kg8 31. f6 Rg5 32. e6 Qe5 33. f7+ Kf8 34. Qe3 Qxb2+ 0-1

[Event "SLO-chT2 East"]
[Site "Brezice Maribor"]
[Date "2008.06.07"]
[Round "4"]
[White "Knezevic, Zavisa"]
[Black "Hevir, Zlatko"]
[Result "1-0"]
[WhiteElo "2136"]
[BlackElo "2132"]
[PlyCount "63"]
[EventDate "2008.10.24"]
[EventType "team-tourn"]
[EventRounds "9"]
[EventCountry "SLO"]
[SourceTitle "EXT 2010"]
[Source "ChessBase"]
[SourceDate "2010.11.25"]
[SourceVersion "1"]
[SourceVersionDate "2010.11.25"]
[SourceQuality "1"]

1. e4 g6 2. d4 Bg7 3. Nc3 d6 4. Be3 c6 5. f3 Qb6 6. Rb1 Nd7 7. Bc4 Ngf6 8. Qd2 h6 9. Nge2 Qc7 10. a4 a6 11. 0-0 b5 12. Bb3 b4 13. Nd1 a5 14. c4 c5 15. d5 Ba6 16. Nf2 Ne5 17. Qc2 g5 18. Ng3 Bc8 19. Nd3 Ng6 20. f4 Ng4 21. Bc1 Bd4+ 22. Kh1 Ne3 23. Bxe3 Bxe3 24. Nh5 Kf8 25. Rbe1 Bd4 26. Qe2 Qd7 27. Bd1 b3 28. e5 dxe5 29. fxe5 e6 30. Qe4 f5 31. dxe6 Qxe6 32. Qxa8 1-0

[Event "SLO-chT2 East"]
[Site "Brezice Maribor"]
[Date "2007.10.20"]
[Round "7"]
[White "Hevir, Zlatko"]
[Black "Habjanic, David"]
[Result "0-1"]
[WhiteElo "2145"]
[BlackElo "2126"]
[PlyCount "27"]
[EventDate "2007.05.26"]
[EventType "team-tourn"]
[EventRounds "9"]
[EventCountry "SLO"]
[SourceTitle "EXT 2010"]
[Source "ChessBase"]
[SourceDate "2010.11.25"]
[SourceVersion "1"]
[SourceVersionDate "2010.11.25"]
[SourceQuality "1"]

1. d4 Nf6 2. Nf3 e6 3. Bg5 Be7 4. Nbd2 d5 5. e3 c5 6. dxc5 Bxc5 7. Nb3 Be7 8. Bd3 Nc6 9. c3 e5 10. Bb5 Qd6 11. h3 0-0 12. 0-0 a6 13. Be2 h6 14. Bh4 0-1

[Event "SLO-ch blind int 7th"]
[Site "Izola"]
[Date "2007.06.15"]
[Round "3"]
[White "Olsar, Jaroslav"]
[Black "Hevir, Zlatko"]
[Result "1-0"]
[WhiteElo "2307"]
[BlackElo "2145"]
[PlyCount "61"]
[EventDate "2007.06.13"]
[EventType "swiss"]
[EventRounds "7"]
[EventCountry "SLO"]
[SourceTitle "EXT 2023"]
[Source "ChessBase"]
[SourceDate "2022.10.05"]
[SourceVersion "1"]
[SourceVersionDate "2022.10.05"]
[SourceQuality "1"]

1. e4 d6 2. d4 c6 3. Nc3 g6 4. Be3 Nd7 5. Qd2 b5 6. Bd3 Nb6 7. b3 Bg7 8. Rd1 a6 9. f3 h5 10. h4 Bd7 11. Nce2 a5 12. Nh3 Qc7 13. Nf2 d5 14. Nf4 Bh6 15. e5 Bxf4 16. Bxf4 Qc8 17. 0-0 Bf5 18. Rfe1 Bxd3 19. Nxd3 e6 20. Bg5 Nd7 21. c4 bxc4 22. bxc4 Nb6 23. cxd5 Nc4 24. Qf4 cxd5 25. Rb1 Rb8 26. Nc5 Na3 27. Rb3 Rxb3 28. axb3 Nc2 29. Rc1 Nb4 30. Ne4 Qd7 31. Rc8+ 1-0

[Event "SLO-ch blind int 7th"]
[Site "Izola"]
[Date "2007.06.14"]
[Round "2"]
[White "Cizman, Gregor"]
[Black "Hevir, Zlatko"]
[Result "0-1"]
[WhiteElo "1890"]
[BlackElo "2145"]
[PlyCount "28"]
[EventDate "2007.06.13"]
[EventType "swiss"]
[EventRounds "7"]
[EventCountry "SLO"]
[SourceTitle "EXT 2023"]
[Source "ChessBase"]
[SourceDate "2022.10.05"]
[SourceVersion "1"]
[SourceVersionDate "2022.10.05"]
[SourceQuality "1"]

1. d4 c6 2. Nf3 g6 3. c3 Bg7 4. Bf4 d6 5. h3 Qb6 6. Qc1 Nd7 7. e3 e5 8. dxe5 dxe5 9. Bg3 Ne7 10. Bc4 0-0 11. 0-0 Nf5 12. Bh2 Nd6 13. Bb3 a5 14. a3 Qxb3 0-1

[Event "SLO-chT2 East"]
[Site "Brezice Maribor"]
[Date "2007.06.09"]
[Round "4"]
[White "Hevir, Zlatko"]
[Black "Tomazini, Aljosa"]
[Result "0-1"]
[WhiteElo "2145"]
[BlackElo "2015"]
[PlyCount "88"]
[EventDate "2007.05.26"]
[EventType "team-tourn"]
[EventRounds "9"]
[EventCountry "SLO"]
[SourceTitle "EXT 2010"]
[Source "ChessBase"]
[SourceDate "2010.11.25"]
[SourceVersion "1"]
[SourceVersionDate "2010.11.25"]
[SourceQuality "1"]

1. d4 d5 2. Nf3 Nf6 3. Bg5 e6 4. e3 Nbd7 5. c4 c6 6. Nc3 Qa5 7. Bxf6 Nxf6 8. Nd2 Bb4 9. Qc2 0-0 10. Bd3 h6 11. 0-0 Bd7 12. Nb3 Qc7 13. Ne2 Bd6 14. g3 e5 15. dxe5 Bxe5 16. Nf4 Bxf4 17. exf4 Bg4 18. Nd4 Rfd8 19. c5 Re8 20. Rfe1 Re7 21. Rxe7 Qxe7 22. Kg2 Re8 23. h3 Bc8 24. Nf3 Qd7 25. Rh1 Qe6 26. b4 g6 27. Ne5 Nd7 28. Ng4 Qe7 29. Qc3 h5 30. Ne3 Nf6 31. Qd4 Ne4 32. Re1 Qd7 33. g4 Qc7 34. f3 hxg4 35. hxg4 Qxf4 36. fxe4 Bxg4 37. Rf1 Qg5 38. Nxg4 Qxg4+ 39. Kf2 dxe4 40. Qe3 Qh4+ 41. Kg2 Re6 42. Rf4 Qg5+ 43. Qg3 Qxg3+ 44. Kxg3 exd3 0-1

[Event "SLO-chT2 East"]
[Site "Velenje"]
[Date "2005.10.13"]
[Round "5"]
[White "Ribic, Alojz"]
[Black "Hevir, Zlatko"]
[Result "1-0"]
[WhiteElo "1947"]
[BlackElo "2159"]
[PlyCount "121"]
[EventDate "2005.05.27"]
[EventType "team"]
[EventRounds "9"]
[EventCountry "SLO"]
[SourceTitle "EXT 2009"]
[Source "ChessBase"]
[SourceDate "2008.11.26"]
[SourceVersion "1"]
[SourceVersionDate "2008.11.26"]
[SourceQuality "1"]

1. e4 g6 2. d4 Bg7 3. Nc3 d6 4. Bc4 c6 5. a3 Qc7 6. Nf3 h6 7. Qd3 Nd7 8. Be3 Ngf6 9. 0-0 e5 10. dxe5 dxe5 11. h3 0-0 12. Rad1 Re8 13. Qd2 Nb6 14. Bb3 Kh7 15. Qd6 Qxd6 16. Rxd6 Kg8 17. Rfd1 Nbd7 18. Nh4 Bf8 19. R6d2 Kg7 20. Bxh6+ Kxh6 21. Bxf7 Rd8 22. Bxg6 Bc5 23. Bf5 Bd4 24. Nf3 Rg8 25. Nxd4 exd4 26. Rxd4 Ne5 27. Rd6 Bxf5 28. Rxf6+ Bg6 29. f4 Nc4 30. f5 Ne5 31. fxg6 Rae8 32. Rdd6 Nxg6 33. g4 Kh7 34. Rf7+ Rg7 35. Rxg7+ Kxg7 36. Kg2 Ne5 37. Ne2 Nc4 38. Rd7+ Kf6 39. Rxb7 Rxe4 40. Ng3 Rd4 41. Kf3 Kg6 42. Rg7+ Kf6 43. Rxa7 Nxb2 44. h4 Nc4 45. Ne4+ Ke6 46. Rg7 Ne5+ 47. Kf4 Kd5 48. h5 Rxe4+ 49. Kf5 Re1 50. h6 Rf1+ 51. Kg5 Ke6 52. h7 Rh1 53. Rc7 Kd6 54. Ra7 Ke6 55. a4 Nf7+ 56. Kg6 Ne5+ 57. Kg7 Rg1 58. h8Q Rxg4+ 59. Kh7 Rh4+ 60. Kg8 Rxh8+ 61. Kxh8 1-0

[Event "SLO-ch 15th"]
[Site "Ptuj"]
[Date "2005.08.17"]
[Round "7"]
[White "Krivec, Jana"]
[Black "Hevir, Zlatko"]
[Result "1/2-1/2"]
[WhiteElo "2270"]
[BlackElo "2159"]
[PlyCount "152"]
[EventDate "2005.08.12"]
[EventType "swiss"]
[EventRounds "9"]
[EventCountry "SLO"]
[SourceTitle "CBM 107 Extra"]
[Source "ChessBase"]
[SourceDate "2005.09.01"]
[SourceVersion "1"]
[SourceVersionDate "2005.09.01"]
[SourceQuality "1"]

1. d4 c5 2. d5 g6 3. c4 Bg7 4. Nc3 Nf6 5. Nf3 d6 6. e4 0-0 7. h3 a6 8. a4 Re8 9. Bd3 Nbd7 10. 0-0 Nh5 11. Be2 Qc7 12. g4 Nhf6 13. g5 Nh5 14. Nh2 Bxc3 15. bxc3 Ng7 16. Ng4 Rf8 17. f4 Nb6 18. Nh6+ Kh8 19. a5 Nd7 20. h4 f5 21. exf5 Nxf5 22. Nxf5 gxf5 23. Kf2 Rg8 24. Rg1 Nf8 25. h5 e6 26. Qd3 Qe7 27. Qh3 Bd7 28. Be3 Re8 29. Bd3 e5 30. Rg2 e4 31. Be2 Rb8 32. Rag1 Kg7 33. Rb1 Kh8 34. Rb6 Bc8 35. Qh1 Nd7 36. Rb1 Qg7 37. Qh3 Nf8 38. Qh1 Qc7 39. g6 h6 40. Ra1 Kg7 41. Rgg1 Nd7 42. Rgb1 Nf6 43. Rb6 Nd7 44. Rb3 Qd8 45. Bd2 Qf6 46. Ke3 Ne5 47. Be1 Nd7 48. Bh4 Qf8 49. Qf1 Nf6 50. Bd1 Qe7 51. Qf2 Re8 52. Raa3 Rf8 53. Bg3 Qc7 54. Rb6 Nd7 55. Rb2 Qd8 56. Bh4 Nf6 57. Bxf6+ Qxf6 58. Ba4 Ra8 59. Qe1 Rd8 60. Rh2 Bd7 61. Bxd7 Rxd7 62. Rb2 Ra7 63. Rh2 Qd8 64. Qb1 Ra8 65. Qb3 Rb8 66. Qa2 Qf6 67. Rb3 Rc8 68. Qf2 Qd8 69. Rb6 Qf6 70. Qe1 Rcc7 71. Rb3 Re7 72. Qh4 Qxh4 73. Rxh4 Rcd7 74. Rh2 Re8 75. Rhb2 Ree7 76. Rb6 Kf6 1/2-1/2

[Event "IBCA World Cup 5th"]
[Site "Eretria"]
[Date "2005.07.16"]
[Round "4.4"]
[White "Hevir, Zlatko"]
[Black "Lindenmair, Anton"]
[Result "1/2-1/2"]
[WhiteElo "2159"]
[BlackElo "2113"]
[PlyCount "111"]
[EventDate "2005.07.13"]
[EventType "team"]
[EventRounds "8"]
[EventCountry "GRE"]
[SourceTitle "EXT 2006"]
[Source "ChessBase"]
[SourceDate "2005.11.24"]
[SourceVersion "1"]
[SourceVersionDate "2005.11.24"]
[SourceQuality "1"]

1. d4 Nf6 2. Nf3 g6 3. Bg5 Bg7 4. Nbd2 d5 5. e3 0-0 6. Bd3 Nbd7 7. 0-0 c5 8. c3 b6 9. h3 Bb7 10. Re1 Re8 11. Bxf6 Nxf6 12. Ne5 Ne4 13. f4 f6 14. Nef3 e5 15. Nf1 Qc7 16. g3 Re7 17. Qc2 Rae8 18. Bb5 Rc8 19. Be2 cxd4 20. exd4 exf4 21. g4 Qd7 22. Kg2 Rce8 23. Bd3 Bc8 24. a4 Qb7 25. Re2 f5 26. g5 h6 27. h4 hxg5 28. hxg5 Kf7 29. Rae1 Bd7 30. Qb3 Be6 31. Kg1 Rh8 32. Rh2 Rxh2 33. N1xh2 Re8 34. a5 Rh8 35. Re2 Rh5 36. Rg2 Qc7 37. a6 Qd8 38. Qb5 Nxg5 39. Qc6 Nxf3+ 40. Nxf3 Bf6 41. Re2 Qd7 42. Qb7 Rh8 43. Rh2 Rxh2 44. Kxh2 Ke8 45. Qb8+ Ke7 46. b3 g5 47. Ne5 Bxe5 48. dxe5 Kf7 49. Qh8 Qe7 50. Bb5 g4 51. Kg2 f3+ 52. Kg3 Bd7 53. Bxd7 Qxd7 54. Qh7+ Ke8 55. Qh8+ Ke7 56. Qf6+ 1/2-1/2

[Event "SLO-ch blind int 6th"]
[Site "Izola"]
[Date "2005.06.17"]
[Round "5"]
[White "Mueller, Manfred"]
[Black "Hevir, Zlatko"]
[Result "1-0"]
[WhiteElo "2116"]
[BlackElo "2159"]
[PlyCount "103"]
[EventDate "2005.06.13"]
[EventType "swiss"]
[EventRounds "7"]
[EventCountry "SLO"]
[SourceTitle "EXT 2019"]
[Source "ChessBase"]
[SourceDate "2018.10.10"]
[SourceVersion "1"]
[SourceVersionDate "2018.10.10"]
[SourceQuality "1"]

1. e4 c6 2. d4 d6 3. Nf3 d5 4. exd5 cxd5 5. c4 Nf6 6. Nc3 e6 7. c5 g6 8. Bf4 a6 9. Qa4+ Bd7 10. Nb5 Nh5 11. Bd6 Bxd6 12. Nxd6+ Ke7 13. Qa3 Nc6 14. Nxb7 Qc7 15. Nd6 Qa5+ 16. Qxa5 Nxa5 17. b4 Nc6 18. b5 axb5 19. Bxb5 f6 20. 0-0 Ra3 21. Rfb1 Rha8 22. Rb2 g5 23. h3 Nf4 24. Ne1 h5 25. Nc2 R3a7 26. a4 Rb8 27. Rab1 Rc7 28. Kh2 e5 29. g3 Ne6 30. Ne3 Ncxd4 31. Nxd5+ Kd8 32. Nxc7 Kxc7 33. Bxd7 Rxb2 34. Rxb2 Nxc5 35. Ne8+ Kxd7 36. Nxf6+ Ke7 37. Nd5+ Kd6 38. Nc3 Nd3 39. Nb5+ Kc5 40. Rb1 Nc6 41. Kg2 e4 42. Nc3 Kd4 43. Ne2+ Kc4 44. Rb5 Nc5 45. Rb6 Na5 46. Rg6 Nxa4 47. Rxg5 Nb3 48. Rxh5 Nd2 49. Rh8 Nc5 50. h4 Nd3 51. Rc8+ Kd5 52. Nf4+ 1-0

[Event "SLO-ch blind int 6th"]
[Site "Izola"]
[Date "2005.06.16"]
[Round "4"]
[White "Hevir, Zlatko"]
[Black "Nemes, Gyorgy"]
[Result "1-0"]
[WhiteElo "2159"]
[BlackElo "2000"]
[PlyCount "111"]
[EventDate "2005.06.13"]
[EventType "swiss"]
[EventRounds "7"]
[EventCountry "SLO"]
[SourceTitle "EXT 2019"]
[Source "ChessBase"]
[SourceDate "2018.10.10"]
[SourceVersion "1"]
[SourceVersionDate "2018.10.10"]
[SourceQuality "1"]

1. d4 Nf6 2. Nf3 g6 3. Bg5 Bg7 4. Nbd2 0-0 5. e4 d6 6. Bd3 Nbd7 7. c3 c6 8. 0-0 Qc7 9. h3 e5 10. Re1 Re8 11. Rc1 Nf8 12. Bxf6 Bxf6 13. d5 g5 14. Nh2 Ng6 15. Re3 Nf4 16. Be2 Kh8 17. c4 c5 18. Bg4 Rg8 19. Bxc8 Raxc8 20. Ndf1 Rg6 21. Ng3 Rcg8 22. Nf5 Be7 23. Qf1 Bf8 24. g3 Nh5 25. Ng4 Qd7 26. Qd1 Nf6 27. Nxf6 Rxf6 28. g4 Rfg6 29. Ra3 a6 30. Qa4 Qc7 31. Qa5 Qd7 32. Qb6 Be7 33. Qa7 Rc8 34. Qb6 Bd8 35. Qb3 Rg8 36. Qa4 Qc7 37. Rf3 Rf8 38. b4 Be7 39. bxc5 dxc5 40. Rb1 Bd6 41. Qb3 Rb8 42. Qe3 f6 43. a4 Rbd8 44. Qb3 Rd7 45. Qb6 Rb8 46. Nxd6 Qxd6 47. Rxf6 Qe7 48. Rb3 Rbd8 49. Rbf3 Kg8 50. Qb2 Rd6 51. Rf7 Qxf7 52. Rxf7 Kxf7 53. Qxe5 h6 54. Qf5+ Ke8 55. e5 Rb6 56. e6 1-0

[Event "SLO-ch blind int 6th"]
[Site "Izola"]
[Date "2005.06.14"]
[Round "2"]
[White "Hevir, Zlatko"]
[Black "Kalik, Jan"]
[Result "1/2-1/2"]
[WhiteElo "2159"]
[BlackElo "2005"]
[PlyCount "28"]
[EventDate "2005.06.13"]
[EventType "swiss"]
[EventRounds "7"]
[EventCountry "SLO"]
[SourceTitle "EXT 2019"]
[Source "ChessBase"]
[SourceDate "2018.10.10"]
[SourceVersion "1"]
[SourceVersionDate "2018.10.10"]
[SourceQuality "1"]

1. d4 d5 2. Nf3 Nf6 3. Bg5 e6 4. e3 Be7 5. Nbd2 Nbd7 6. c3 Ne4 7. Bxe7 Qxe7 8. Bd3 Nxd2 9. Nxd2 e5 10. dxe5 Nxe5 11. Be2 Bf5 12. 0-0 0-0 13. Nf3 Nxf3+ 14. Bxf3 c6 1/2-1/2

[Event "IBCA-ol blind 12th"]
[Site "La Pineda"]
[Date "2004.11.04"]
[Round "2.4"]
[White "Strokov, Anatoli"]
[Black "Hevir, Zlatko"]
[Result "1/2-1/2"]
[WhiteElo "2213"]
[BlackElo "2159"]
[PlyCount "78"]
[EventDate "2004.11.03"]
[EventType "team-swiss"]
[EventRounds "9"]
[EventCountry "ESP"]
[SourceTitle "EXT 2010"]
[Source "ChessBase"]
[SourceDate "2010.11.25"]
[SourceVersion "1"]
[SourceVersionDate "2010.11.25"]
[SourceQuality "1"]
[WhiteTeam "Russia (blind)"]
[BlackTeam "Slovenia (blind)"]
[WhiteTeamCountry "RUS"]
[BlackTeamCountry "SLO"]

1. e4 g6 2. d4 Bg7 3. c4 d6 4. Nc3 c6 5. Be3 Nd7 6. f4 Qb6 7. Qd2 Ngf6 8. Nf3 Qa5 9. Bd3 Ng4 10. Bg1 e5 11. h3 Ngf6 12. fxe5 dxe5 13. d5 0-0 14. Be3 Nh5 15. 0-0-0 Nf4 16. Bf1 Nh5 17. g4 Nf4 18. Kb1 Nc5 19. dxc6 bxc6 20. Nd5 Qxd2 21. Ne7+ Kh8 22. Nxd2 Nfe6 23. Nxc6 Bb7 24. Na5 Rab8 25. Nxb7 Rxb7 26. Kc2 Rd8 27. b3 Rbd7 28. Be2 Nd4+ 29. Bxd4 exd4 30. Bd3 a5 31. Nf3 Rb8 32. Rhg1 a4 33. Nd2 a3 34. Rde1 Na6 35. Rg3 Be5 36. Rf3 Bf4 37. Nf1 g5 38. Rd1 Nb4+ 39. Kb1 Nc6 1/2-1/2

[Event "SLO-ch blind"]
[Site "Okroglo"]
[Date "2004.05.01"]
[Round "7"]
[White "Hevir, Zlatko"]
[Black "Kumer, Vladimir"]
[Result "1-0"]
[WhiteElo "2159"]
[BlackElo "1849"]
[PlyCount "39"]
[EventDate "2004.04.26"]
[EventType "swiss"]
[EventRounds "9"]
[EventCountry "SLO"]
[SourceTitle "EXT 2009"]
[Source "ChessBase"]
[SourceDate "2008.11.26"]
[SourceVersion "1"]
[SourceVersionDate "2008.11.26"]
[SourceQuality "1"]

1. d4 Nf6 2. Nf3 g6 3. c4 Bg7 4. Nc3 d6 5. e4 0-0 6. Bd3 Re8 7. 0-0 e5 8. d5 a5 9. h3 Na6 10. Be3 Nh5 11. Qd2 f5 12. Bg5 Bf6 13. Bxf6 Qxf6 14. exf5 Bxf5 15. Bxf5 Qxf5 16. Nb5 Rf8 17. Qh6 Qf4 18. Ng5 Nf6 19. Nc3 Rf7 20. Nxf7 1-0

[Event "IBCA WorldCup 4th fin-B"]
[Site "Gelsenkirchen"]
[Date "2001.08.11"]
[Round "8.3"]
[White "Pohlers, Juergen"]
[Black "Hevir, Zlatko"]
[Result "1-0"]
[WhiteElo "2115"]
[BlackElo "2155"]
[PlyCount "121"]
[EventDate "2001.08.09"]
[EventType "team"]
[EventRounds "3"]
[EventCountry "GER"]
[SourceTitle "EXT 2005"]
[Source "ChessBase"]
[SourceDate "2004.11.15"]
[SourceVersion "1"]
[SourceVersionDate "2004.11.15"]
[SourceQuality "1"]

1. d4 c6 2. c4 d6 3. Nf3 Qc7 4. Nc3 e5 5. d5 Nf6 6. e4 Be7 7. h3 Nbd7 8. Be3 a6 9. Be2 c5 10. 0-0 Nf8 11. a3 h6 12. b4 N6d7 13. Na4 b6 14. bxc5 bxc5 15. Rb1 Ng6 16. Qd2 Rb8 17. Bd3 Rxb1 18. Rxb1 Bd8 19. Qb2 0-0 20. Bd2 Kh7 21. Qb3 Rg8 22. Ne1 Kh8 23. Qd1 Rf8 24. Nf3 Bf6 25. Qb3 Nf4 26. Bf1 Bd8 27. Qc2 g5 28. g3 Ng6 29. Kh2 Kg7 30. Bg2 Nf6 31. Kg1 g4 32. hxg4 Bxg4 33. Nh2 Qc8 34. Nxg4 Qxg4 35. Qd1 Qc8 36. Qb3 Qd7 37. Nb6 Qb7 38. a4 Bc7 39. a5 Rb8 40. Qa4 Ne7 41. Qd1 Bd8 42. Qc1 Neg8 43. f3 Qe7 44. Bh3 Nh5 45. Qe1 Bc7 46. f4 Qd8 47. fxe5 dxe5 48. Qe2 Nhf6 49. Bc3 Ne7 50. Rf1 Ng6 51. Qf2 Bxb6 52. axb6 Qxb6 53. Ba5 Qd6 54. Bc7 Qxc7 55. Qxf6+ Kg8 56. d6 Qb7 57. d7 Qxe4 58. Qxf7+ Kh8 59. Qf6+ Kh7 60. Qf7+ Kh8 61. Qe8+ 1-0

[Event "IBCA WorldCup 4th prel-B"]
[Site "Gelsenkirchen"]
[Date "2001.08.08"]
[Round "5.3"]
[White "Hevir, Zlatko"]
[Black "Vulin, Milorad"]
[Result "0-1"]
[WhiteElo "2155"]
[BlackElo "2090"]
[PlyCount "82"]
[EventDate "2001.08.04"]
[EventType "team"]
[EventRounds "5"]
[EventCountry "GER"]
[SourceTitle "EXT 2005"]
[Source "ChessBase"]
[SourceDate "2004.11.15"]
[SourceVersion "1"]
[SourceVersionDate "2004.11.15"]
[SourceQuality "1"]

1. d4 Nf6 2. Nf3 g6 3. Nbd2 Bg7 4. e4 d6 5. Bc4 d5 6. exd5 Nxd5 7. 0-0 0-0 8. c3 c6 9. Ne4 Nd7 10. Re1 N7f6 11. Nxf6+ Nxf6 12. Bg5 Qc7 13. Qd2 b5 14. Bb3 e6 15. Bh6 Bb7 16. Bxg7 Kxg7 17. Ne5 Rad8 18. Qf4 Qd6 19. Qh4 h5 20. h3 c5 21. dxc5 Qxc5 22. Rad1 Rxd1 23. Bxd1 Qd5 24. f3 Qxa2 25. Qb4 Qd5 26. Qf4 Rd8 27. Qg3 Qc5+ 28. Kh2 Rd2 29. Qf4 Qd5 30. Bb3 Qd6 31. Qg3 Rxb2 32. Bxe6 Qxe6 33. Nxg6 Ng4+ 34. hxg4 Qxg6 35. g5 Qf5 36. Re3 a5 37. Kh1 Rb1+ 38. Kh2 h4 39. Qxh4 Qh7 40. Kg3 Qxh4+ 41. Kxh4 a4 0-1

[Event "IBCA WorldCup 4th prel-B"]
[Site "Gelsenkirchen"]
[Date "2001.08.07"]
[Round "4.2"]
[White "Hevir, Zlatko"]
[Black "Konev, Viktor Dmitrievich"]
[Result "0-1"]
[WhiteElo "2155"]
[BlackElo "2138"]
[PlyCount "68"]
[EventDate "2001.08.04"]
[EventType "team"]
[EventRounds "5"]
[EventCountry "GER"]
[SourceTitle "EXT 2005"]
[Source "ChessBase"]
[SourceDate "2004.11.15"]
[SourceVersion "1"]
[SourceVersionDate "2004.11.15"]
[SourceQuality "1"]

1. d4 Nf6 2. e3 g6 3. Bd3 Bg7 4. Nf3 d6 5. 0-0 0-0 6. c3 Re8 7. e4 e5 8. Re1 Nc6 9. d5 Ne7 10. Nbd2 Nh5 11. Nf1 Rf8 12. Ng3 Nxg3 13. fxg3 f5 14. Ng5 h6 15. Nf3 Kh7 16. h3 Ng8 17. Be3 Nf6 18. Bf2 fxe4 19. Bxe4 Nxe4 20. Rxe4 Qf6 21. g4 b6 22. Qd2 g5 23. Rc4 Rf7 24. h4 gxh4 25. g5 Qg6 26. Rxh4 Bf5 27. Rh2 Be4 28. Rh3 Raf8 29. Qe3 Rf4 30. Rf1 Bxd5 31. gxh6 Bxh6 32. Rg3 Rxf3 33. Rxg6 Bxe3 34. gxf3 Bxf2+ 0-1

[Event "SLO-ch blind"]
[Site "Slovenia"]
[Date "2001.??.??"]
[Round "?"]
[White "Hevir, Zlatko"]
[Black "Zupancic, Mirko"]
[Result "1-0"]
[WhiteElo "1820"]
[BlackElo "2150"]
[PlyCount "77"]
[EventDate "2001.??.??"]
[EventType "swiss"]
[EventRounds "9"]
[EventCountry "SLO"]
[SourceTitle "EXT 2003"]
[Source "ChessBase"]
[SourceDate "2002.11.25"]
[SourceVersion "1"]
[SourceVersionDate "2002.11.25"]
[SourceQuality "1"]

1. d4 Nf6 2. Nf3 e6 3. c4 d5 4. e3 Bb4+ 5. Nc3 Ne4 6. Qb3 Nc6 7. Bd3 Nxc3 8. bxc3 Be7 9. 0-0 0-0 10. Qc2 g6 11. e4 dxe4 12. Bxe4 Bf6 13. Bh6 Bg7 14. Bxg7 Kxg7 15. Qe2 Qf6 16. Bxc6 bxc6 17. Ne5 a5 18. Nxc6 Bb7 19. Ne5 Qg5 20. f4 Qf5 21. Rae1 Rfd8 22. Qe3 h5 23. Rf2 Rab8 24. h3 Rh8 25. Nd7 Rbd8 26. Nc5 Bc6 27. Qc1 Ra8 28. Re5 Qf6 29. Qe3 Rab8 30. Kh2 Rb1 31. Qd3 Rhb8 32. Nb3 Qh4 33. Qe3 a4 34. Nd2 R8b2 35. d5 exd5 36. cxd5 Bb7 37. Qd4 Kh6 38. Re1 Kh7 39. Rxb1 1-0